[Event "Pere Noel"]
[Site "Montreal CAN"]
[Date "2009.12.27"]
[Round "2"]
[White "Arsenault, Nicolas"]
[Black "Robichaud, Louis"]
[Result "1-0"]
[WhiteElo "2214"]
[BlackElo "2040"]
[PlyCount "145"]
[GameId "2160767910029875"]
[EventDate "2009.12.26"]
[EventType "swiss"]
[EventRounds "5"]
[EventCountry "CAN"]
[SourceTitle "EXT 2011"]
[Source "ChessBase"]
[SourceDate "2011.11.26"]
[SourceVersion "1"]
[SourceVersionDate "2011.11.26"]
[SourceQuality "1"]

1. e4 e5 2. Bc4 Nf6 3. d3 c6 4. Nf3 d5 5. Bb3 Bd6 6. exd5 cxd5 7. O-O Nc6 8. Bg5 Be6 9. Nc3 Qa5 10. Qe1 Qc5 11. d4 exd4 12. Bxf6 gxf6 13. Nxd5 O-O-O 14. Nxf6 Bxb3 15. cxb3 Qf5 16. Ne4 Bb4 17. Ned2 Rhe8 18. Qd1 Re6 19. a3 Bxd2 20. Qxd2 Rg8 21. Ne1 Qd5 22. f3 Qxb3 23. Nd3 Qb6 24. Rac1 Rd8 25. b4 Re3 26. a4 Kb8 27. Kh1 Ne7 28. a5 Qg6 29. Rfd1 Nd5 30. Nf2 Nf4 31. Ng4 Nh5 32. Kg1 Nf6 33. Kf1 Nd5 34. Kf2 Nf4 35. Kg1 Ne2+ 36. Kh1 Ree8 37. Rc5 Qd6 38. Nf2 d3 39. Rc4 f5 40. Qxd3 Qf6 41. Qb3 Rxd1+ 42. Qxd1 Qe6 43. Rc2 Qe3 44. Rd2 Nd4 45. h3 Nc6 46. Nd3 a6 47. Nc5 Nxb4 48. Rd8+ Ka7 49. Qd7 Re7 50. Qd6 Qe1+ 51. Kh2 Qe5+ 52. Qxe5 Rxe5 53. Nb3 Nc6 54. Rd7 h5 55. Rh7 f4 56. Rf7 Rb5 57. Nd2 Nxa5 58. Rxf4 Nc6 59. h4 a5 60. Kh3 Rd5 61. Ne4 b5 62. g4 hxg4+ 63. fxg4 Rd3+ 64. Kg2 b4 65. h5 b3 66. h6 b2 67. h7 b1=Q 68. h8=Q Qa2+ 69. Rf2 Qd5 70. Qh7+ Ka6 71. Rb2 Nb4 72. Qf5 Qc6 73. Re2 1-0

[Event "Pere Noel"]
[Site "Montreal CAN"]
[Date "2009.12.27"]
[Round "2"]
[White "Barbeau, Sylvain"]
[Black "Larochelle, Martial"]
[Result "0-1"]
[WhiteElo "2372"]
[BlackElo "2133"]
[PlyCount "84"]
[GameId "2160767910029876"]
[EventDate "2009.12.26"]
[EventType "swiss"]
[EventRounds "5"]
[EventCountry "CAN"]
[SourceTitle "hb 2010.01"]

1. Nf3 Nf6 2. c4 g6 3. Nc3 Bg7 4. e4 d6 5. d4 O-O 6. Be2 e5 7. O-O Nc6 8. d5 Ne7 9. b4 Nh5 10. c5 Nf4 11. Bxf4 exf4 12. Rc1 h6 13. Nd2 f5 14. cxd6 cxd6 15. Nb5 fxe4 16. Nxe4 Be5 17. Nc7 Rb8 18. Ne6 Bxe6 19. dxe6 Qb6 20. Qa4 Rfd8 21. Rfd1 Kf8 22. a3 Rbc8 23. Bf3 Rxc1 24. Rxc1 Nf5 25. Qb3 Ke7 26. Qd5 Nd4 27. Nc5 Nxf3+ 28. gxf3 Qc6 29. Qxc6 bxc6 30. Nd3 Rc8 31. Re1 Kxe6 32. Nxf4+ Kd7 33. Nd3 Bd4 34. Rd1 Rf8 35. f4 Ke6 36. Kg2 Kd5 37. Kg3 c5 38. bxc5 dxc5 39. Ne1 Rb8 40. Nc2 Rb3+ 41. Kg4 Kc4 42. h4 Bxf2 0-1

[Event "Pere Noel"]
[Site "Montreal CAN"]
[Date "2009.12.27"]
[Round "2"]
[White "Chang, Michael"]
[Black "Poschmann, Jeremie"]
[Result "0-1"]
[WhiteElo "1602"]
[BlackElo "1813"]
[PlyCount "120"]
[GameId "2160767910029877"]
[EventDate "2009.12.26"]
[EventType "swiss"]
[EventRounds "5"]
[EventCountry "CAN"]
[SourceTitle "hb 2010.01"]

1. e4 e6 2. d4 d5 3. e5 c5 4. c3 Nc6 5. Nf3 Qb6 6. a3 f6 7. b4 fxe5 8. dxe5 cxb4 9. cxb4 g6 10. Bb2 Nh6 11. g3 Bg7 12. Bg2 O-O 13. O-O Bd7 14. Nbd2 a5 15. bxa5 Nxa5 16. Rb1 Nc6 17. Nc4 Qc7 18. Nd6 Nf7 19. Nxf7 Rxf7 20. Ng5 Rff8 21. f4 Na5 22. Bh3 Rfe8 23. f5 gxf5 24. Qh5 h6 25. Qf7+ Kh8 26. Bxf5 exf5 27. e6 Qc5+ 28. Kh1 Qf8 29. Qxf8+ Rxf8 30. Bxg7+ Kxg7 31. exd7 hxg5 32. Rfd1 d4 33. Rxd4 Rab8 34. Kg2 Nc6 35. Rd6 Rf6 36. Rd5 Kf7 37. Re1 Rd8 38. a4 Ne7 39. Rd3 Ra6 40. Rb1 b6 41. Rb4 g4 42. Kf2 Ng6 43. Ke3 Ne5 44. Rd5 Ke6 45. Rbd4 Rxd7 46. Rxe5+ Kxe5 47. Rxd7 Rxa4 48. Rd3 b5 49. Rb3 b4 50. Ke2 Kd4 51. Kd2 Ra2+ 52. Kc1 Kc4 53. Re3 Rxh2 54. Re5 Rf2 55. Re8 b3 56. Rc8+ Kd4 57. Rb8 Rf3 58. Rb5 Kc3 59. Rc5+ Kd3 60. Kb2 Ke2 0-1

[Event "Pere Noel"]
[Site "Montreal CAN"]
[Date "2009.12.27"]
[Round "2"]
[White "Cvetkovic, Simeon"]
[Black "Jiang, Louie"]
[Result "0-1"]
[WhiteElo "1926"]
[BlackElo "2312"]
[PlyCount "96"]
[GameId "2160767910029879"]
[EventDate "2009.12.26"]
[EventType "swiss"]
[EventRounds "5"]
[EventCountry "CAN"]
[SourceTitle "hb 2010.01"]

1. d4 d5 2. e3 Nf6 3. Nf3 e6 4. Be2 Bd6 5. O-O Nbd7 6. b3 O-O 7. Nbd2 b6 8. Bb2 Bb7 9. c4 Qe7 10. Re1 Ne4 11. Bd3 Ndf6 12. h3 Rfd8 13. Qe2 Rac8 14. Rac1 h6 15. Red1 Bb4 16. Rc2 Ba3 17. Ba1 Bd6 18. Rdc1 c5 19. Bb2 Bb8 20. Rd1 Nxd2 21. Rcxd2 cxd4 22. exd4 Nh5 23. Ne5 Nf4 24. Qg4 dxc4 25. bxc4 Bxe5 26. dxe5 Nxg2 27. Be4 Rxd2 28. Rxd2 Bxe4 29. Qxe4 Nh4 30. Rd6 Nf5 31. Rd3 Qc7 32. Rc3 Qc6 33. Qxc6 Rxc6 34. Rc1 Nh4 35. Rc3 Ng6 36. Rd3 Rxc4 37. Rd8+ Kh7 38. Rd7 Rc2 39. Bd4 Rd2 40. Rd6 Rxa2 41. Bc3 Rc2 42. Bd4 Nf4 43. Kh2 Nd5 44. Rd7 Kg6 45. Rxa7 Rd2 46. Ba1 Rxf2+ 47. Kg3 Rd2 48. Rb7 Rd3+ 0-1

[Event "Pere Noel"]
[Site "Montreal CAN"]
[Date "2009.12.27"]
[Round "2"]
[White "Dumont, Felix"]
[Black "He, Shao Hang"]
[Result "1-0"]
[WhiteElo "1955"]
[BlackElo "1666"]
[PlyCount "80"]
[GameId "2160767910029880"]
[EventDate "2009.12.26"]
[EventType "swiss"]
[EventRounds "5"]
[EventCountry "CAN"]
[SourceTitle "hb 2010.01"]

1. e4 c5 2. Nf3 d6 3. d4 cxd4 4. Nxd4 Nf6 5. Nc3 a6 6. Bg5 e6 7. f4 Be7 8. Qf3 h6 9. Bxf6 Bxf6 10. O-O-O Qc7 11. Kb1 Nc6 12. Nb3 O-O 13. g4 Be7 14. h4 g6 15. Qg3 Kh7 16. Bd3 Nb4 17. h5 g5 18. fxg5 hxg5 19. Rhf1 Nxd3 20. Qxd3 e5 21. Nd5 Qd8 22. Nxe7 Qxe7 23. Qxd6 Qxd6 24. Rxd6 Bxg4 25. Rg1 Be6 26. Rxg5 Bxb3 27. axb3 Rad8 28. Rxd8 Rxd8 29. Rxe5 Rd7 30. c4 Kh6 31. Kc2 Kg7 32. Rd5 Re7 33. Kd3 f6 34. b4 Kh6 35. b5 a5 36. b6 Re6 37. c5 Rc6 38. Kd4 a4 39. Rd6 Rc8 40. Rxf6+ Kxh5 1-0

[Event "Pere Noel"]
[Site "Montreal CAN"]
[Date "2009.12.27"]
[Round "2"]
[White "Duplessis, Jean-Roch"]
[Black "Masse, Hugues"]
[Result "0-1"]
[WhiteElo "1690"]
[BlackElo "2213"]
[PlyCount "92"]
[GameId "2160767910029881"]
[EventDate "2009.12.26"]
[EventType "swiss"]
[EventRounds "5"]
[EventCountry "CAN"]
[SourceTitle "hb 2010.01"]

1. e4 e6 2. d4 d5 3. Nc3 Nf6 4. Bg5 Bb4 5. Nge2 h6 6. Bxf6 Qxf6 7. a3 Ba5 8. b4 Bb6 9. e5 Qe7 10. Na4 O-O 11. Nxb6 axb6 12. c3 Bd7 13. Nf4 Be8 14. h4 f6 15. Qg4 fxe5 16. dxe5 Rf5 17. Bd3 Rxe5+ 18. Kf1 Nd7 19. Ng6 Bxg6 20. Qxg6 Nf6 21. Rh3 Rf8 22. Kg1 Ne4 23. Bxe4 Rxe4 24. Re3 Qxh4 25. g3 Qf6 26. Qxf6 gxf6 27. Rxe4 dxe4 28. Rd1 Rf7 29. b5 Kf8 30. Rd4 f5 31. Rd8+ Ke7 32. Rb8 Kd6 33. Rxb7 Rf8 34. Ra7 e5 35. Ra4 Kc5 36. Rb4 Ra8 37. a4 Rd8 38. Rb1 Rd3 39. g4 fxg4 40. Rb4 Kd5 41. Rb3 h5 42. Kg2 h4 43. Kf1 h3 44. Kg1 e3 45. fxe3 g3 46. c4+ Kxc4 0-1

[Event "Pere Noel"]
[Site "Montreal CAN"]
[Date "2009.12.27"]
[Round "2"]
[White "Goldenberg, Danny"]
[Black "Gulko, Andrei"]
[Result "1/2-1/2"]
[WhiteElo "2323"]
[BlackElo "2109"]
[PlyCount "34"]
[GameId "2160767910029882"]
[EventDate "2009.12.26"]
[EventType "swiss"]
[EventRounds "5"]
[EventCountry "CAN"]
[SourceTitle "hb 2010.01"]

1. d4 Nf6 2. Nf3 e6 3. e3 d5 4. Bd3 c5 5. b3 Nc6 6. a3 Bd6 7. O-O e5 8. dxe5 Nxe5 9. Bb2 Qe7 10. Bb5+ Bd7 11. Bxd7+ Nexd7 12. Nc3 Qe6 13. Re1 O-O 14. Ne2 Rad8 15. Qd3 Ne5 16. Nxe5 Bxe5 17. Bxe5 Qxe5 1/2-1/2

[Event "Pere Noel"]
[Site "Montreal CAN"]
[Date "2009.12.27"]
[Round "2"]
[White "Luo, Zhao Yang"]
[Black "Gueorguiev, Valentin"]
[Result "1-0"]
[WhiteElo "2012"]
[BlackElo "1704"]
[PlyCount "102"]
[GameId "2160767910029886"]
[EventDate "2009.12.26"]
[EventType "swiss"]
[EventRounds "5"]
[EventCountry "CAN"]
[SourceTitle "hb 2010.01"]

1. d4 g6 2. c4 Bg7 3. Nc3 c5 4. d5 d6 5. e4 Nf6 6. Nf3 O-O 7. Be2 e6 8. O-O exd5 9. exd5 a6 10. Bg5 h6 11. Bh4 g5 12. Bg3 Nh5 13. Qc2 Nxg3 14. hxg3 Nd7 15. Bd3 Ne5 16. Nxe5 Bxe5 17. Ne2 Qf6 18. Rab1 Bg4 19. f3 Bd7 20. b3 Rab8 21. Rbd1 b5 22. f4 gxf4 23. gxf4 Bd4+ 24. Nxd4 Qxd4+ 25. Qf2 Qxf2+ 26. Rxf2 Rfe8 27. Kf1 b4 28. Re1 Kg7 29. Rfe2 Rxe2 30. Rxe2 Re8 31. Rxe8 Bxe8 32. g4 a5 33. Bf5 a4 34. Kg2 axb3 35. axb3 f6 36. Kg3 Bf7 37. Kh4 Kf8 38. g5 hxg5+ 39. fxg5 fxg5+ 40. Kxg5 Ke7 41. Bg6 Bg8 42. Kh6 Kf6 43. Bh5 Ke5 44. Kg7 Bxd5 45. cxd5 Kxd5 46. Kf6 Kd4 47. Ke6 d5 48. Bd1 c4 49. Kd6 c3 50. Bc2 Ke3 51. Kxd5 Ke2 1-0

[Event "Pere Noel"]
[Site "Montreal CAN"]
[Date "2009.12.27"]
[Round "2"]
[White "Moore, Ronald"]
[Black "Ramaswamy, Kiran"]
[Result "1/2-1/2"]
[WhiteElo "1689"]
[BlackElo "1828"]
[PlyCount "122"]
[GameId "2160767910029887"]
[EventDate "2009.12.26"]
[EventType "swiss"]
[EventRounds "5"]
[EventCountry "CAN"]
[SourceTitle "hb 2010.01"]

1. d4 Nf6 2. Bf4 d6 3. Nf3 Nbd7 4. e3 g6 5. Nbd2 Bg7 6. c3 O-O 7. Qb3 c5 8. Bd3 Qc7 9. O-O e5 10. dxe5 dxe5 11. Bg3 Nh5 12. Ne4 Nxg3 13. hxg3 Nb6 14. Qc2 c4 15. Be2 Bf5 16. Nh4 Bxe4 17. Qxe4 f5 18. Qc2 e4 19. g4 Bf6 20. g3 Bxh4 21. gxh4 Qe7 22. g5 h6 23. f4 exf3 24. Rxf3 hxg5 25. Rg3 g4 26. Bxg4 fxg4 27. Qxg6+ Qg7 28. Qe6+ Kh8 29. Rxg4 Qxg4+ 30. Qxg4 Rg8 31. Qxg8+ Rxg8+ 32. Kf2 Na4 33. Kf3 b6 34. Rb1 Kh7 35. e4 Kh6 36. e5 Kh5 37. Ke4 Nc5+ 38. Kd5 Rd8+ 39. Kxc4 Kxh4 40. Re1 Kg5 41. b4 Ne6 42. Rf1 Nf4 43. Kb5 Kf5 44. Ka6 Rd7 45. c4 Kxe5 46. c5 bxc5 47. bxc5 Nd3 48. Kb5 Rc7 49. c6 Nf4 50. Rd1 Nd5 51. Kc5 Ne7 52. Re1+ Kf6 53. Rf1+ Nf5 54. Rxf5+ Kxf5 55. Kd6 Rc8 56. Kd7 Rh8 57. c7 Ke5 58. c8=Q Rxc8 59. Kxc8 Kd5 60. Kb7 Kc5 61. Kxa7 Kb5 1/2-1/2

[Event "Pere Noel"]
[Site "Montreal CAN"]
[Date "2009.12.27"]
[Round "2"]
[White "Prahov, Valentin"]
[Black "Sambuev, Bator"]
[Result "0-1"]
[WhiteElo "2209"]
[BlackElo "2528"]
[PlyCount "86"]
[GameId "2160767910029888"]
[EventDate "2009.12.26"]
[EventType "swiss"]
[EventRounds "5"]
[EventCountry "CAN"]
[SourceTitle "EXT 2011"]
[Source "ChessBase"]
[SourceDate "2011.11.26"]
[SourceVersion "1"]
[SourceVersionDate "2011.11.26"]
[SourceQuality "1"]

1. e4 c5 2. d4 cxd4 3. c3 dxc3 4. Nxc3 Nc6 5. Nf3 e6 6. Bc4 a6 7. O-O Qc7 8. Qe2 Nge7 9. Rd1 Ng6 10. Bg5 Nce5 11. Nxe5 Qxe5 12. Be3 Bc5 13. Bxc5 Qxc5 14. Rac1 O-O 15. Bb3 b5 16. Nd5 Qa7 17. Nc7 Rb8 18. Qd3 Rb7 19. Qd6 Rb6 20. Qd4 Qb7 21. Rd2 d6 22. Rdc2 Ne5 23. Nxe6 Bxe6 24. Bxe6 fxe6 25. Rc7 Qb8 26. f4 Nf7 27. Re7 Rb7 28. Rxe6 Qa7 29. Qxa7 Rxa7 30. g3 h6 31. Kf2 Ng5 32. Rg6 Nxe4+ 33. Ke3 Nf6 34. Rc6 Kf7 35. f5 Re8+ 36. Kd3 Re5 37. g4 Rd5+ 38. Kc3 Rc5+ 39. Rxc5 dxc5 40. h4 Rd7 41. g5 hxg5 42. hxg5 Ne4+ 43. Kb3 Rd6 0-1

[Event "Pere Noel"]
[Site "Montreal CAN"]
[Date "2009.12.27"]
[Round "2"]
[White "Tremblay, Alain"]
[Black "Sprumont, Oscar"]
[Result "1-0"]
[WhiteElo "2093"]
[BlackElo "1593"]
[PlyCount "41"]
[GameId "2160767910029889"]
[EventDate "2009.12.26"]
[EventType "swiss"]
[EventRounds "5"]
[EventCountry "CAN"]
[SourceTitle "hb 2010.01"]

1. e4 e5 2. Nf3 Nc6 3. Bb5 Nf6 4. d3 d6 5. Nc3 Bd7 6. Bg5 g6 7. Nd5 Bg7 8. Qd2 O-O 9. h3 Nb8 10. Bc4 c6 11. Nc3 Qc8 12. g4 a5 13. a4 Na6 14. Rg1 Nc7 15. Nh4 b5 16. Ba2 Qb7 17. Nf5 gxf5 18. Bxf6 Bxf6 19. gxf5+ Kh8 20. Qh6 Bg5 21. Rxg5 1-0

[Event "Pere Noel"]
[Site "Montreal CAN"]
[Date "2009.12.27"]
[Round "2"]
[White "Turcotte, Jonathan"]
[Black "Zhu, Hong Rui"]
[Result "0-1"]
[WhiteElo "1863"]
[BlackElo "1727"]
[PlyCount "98"]
[GameId "2160767910029890"]
[EventDate "2009.12.26"]
[EventType "swiss"]
[EventRounds "5"]
[EventCountry "CAN"]
[SourceTitle "hb 2010.01"]

1. d4 d5 2. Nf3 Nf6 3. c4 e6 4. Nc3 Be7 5. Bg5 O-O 6. e3 a6 7. c5 Nbd7 8. Bd3 b6 9. b4 Bb7 10. O-O a5 11. a3 c6 12. h3 Ba6 13. Re1 Bxd3 14. Qxd3 b5 15. Bf4 a4 16. Nxb5 cxb5 17. c6 Nb6 18. Qxb5 Nc4 19. Ne5 Nxe5 20. Bxe5 Bd6 21. Rec1 Bxe5 22. dxe5 Ne8 23. Qc5 Qc7 24. f4 f6 25. exf6 Rxf6 26. b5 Rb8 27. Rab1 Rb6 28. Qd4 Nd6 29. Qxa4 Rf8 30. Qa5 Nc4 31. Rxc4 dxc4 32. Qb4 Rfb8 33. Qxc4 Rxc6 34. Qb3 Kf7 35. a4 Rc1+ 36. Rxc1 Qxc1+ 37. Kh2 Qc5 38. Qd3 Qd5 39. Qc3 Qd7 40. Qb3 Qb7 41. f5 Qb6 42. a5 Qd6+ 43. Kg1 Ke7 44. a6 Qxa6 45. Qc3 Qxb5 46. Qxg7+ Kd6 47. f6 Qe5 48. Qa7 Rb1+ 49. Kf2 Qxf6+ 0-1

[Event "Pere Noel"]
[Site "Montreal CAN"]
[Date "2009.12.28"]
[Round "3"]
[White "Bergeron, Rene"]
[Black "Duplessis, Jean-Roch"]
[Result "1-0"]
[WhiteElo "1560"]
[BlackElo "1690"]
[PlyCount "48"]
[GameId "2160767910029891"]
[EventDate "2009.12.26"]
[EventType "swiss"]
[EventRounds "5"]
[EventCountry "CAN"]
[SourceTitle "hb 2010.01"]

1. c4 e6 2. d4 Bb4+ 3. Nc3 c5 4. Nf3 cxd4 5. Nxd4 Nf6 6. Bg5 Qa5 7. Bd2 d5 8. a3 Bxc3 9. Bxc3 Qd8 10. e3 O-O 11. Bd3 dxc4 12. Bxc4 Nd5 13. Bd2 Nd7 14. O-O N7f6 15. Rc1 Bd7 16. Qb3 Ne4 17. Rfd1 Bc6 18. Nxc6 bxc6 19. Qc2 Nxd2 20. Rxd2 Qb6 21. Bd3 Nf6 22. Qxc6 Rad8 23. Qxb6 axb6 24. Rcd1 Nd5 1-0

[Event "Pere Noel"]
[Site "Montreal CAN"]
[Date "2009.12.28"]
[Round "3"]
[White "Giroux, Robert"]
[Black "Prahov, Valentin"]
[Result "0-1"]
[WhiteElo "1847"]
[BlackElo "2209"]
[PlyCount "78"]
[GameId "2160767910029895"]
[EventDate "2009.12.26"]
[EventType "swiss"]
[EventRounds "5"]
[EventCountry "CAN"]
[SourceTitle "EXT 2011"]
[Source "ChessBase"]
[SourceDate "2011.11.26"]
[SourceVersion "1"]
[SourceVersionDate "2011.11.26"]
[SourceQuality "1"]

1. d4 e6 2. e4 c5 3. Nf3 cxd4 4. Nxd4 Nf6 5. Nc3 Nc6 6. Ndb5 Bb4 7. a3 Bxc3+ 8. Nxc3 d5 9. exd5 exd5 10. Bd3 O-O 11. O-O d4 12. Ne2 Bg4 13. f3 Bh5 14. Bg5 Bg6 15. Bxg6 hxg6 16. Nf4 Qb6 17. Bxf6 gxf6 18. Nd3 Ne5 19. f4 Nc4 20. Rf3 Rfe8 21. Rh3 Rac8 22. Qg4 Kg7 23. Rc1 Nxb2 24. Rb1 Nxd3 25. Rh7+ Kxh7 26. Qh4+ Kg7 27. Rxb6 Re1+ 28. Qxe1 Nxe1 29. Rxb7 a5 30. Rd7 Nxc2 31. a4 Rc4 32. Kf2 Rxa4 33. f5 gxf5 34. g3 Ne3 35. h3 Rb4 36. Ke2 a4 37. Ra7 Nc4 38. Ra8 Nb2 39. Kd2 a3 0-1

[Event "Pere Noel"]
[Site "Montreal CAN"]
[Date "2009.12.28"]
[Round "3"]
[White "Gueorguiev, Valentin"]
[Black "Chang, Michael"]
[Result "1-0"]
[WhiteElo "1704"]
[BlackElo "1602"]
[PlyCount "87"]
[GameId "2160767910029896"]
[EventDate "2009.12.26"]
[EventType "swiss"]
[EventRounds "5"]
[EventCountry "CAN"]
[SourceTitle "hb 2010.01"]

1. c4 c5 2. g3 Nf6 3. Nc3 Nc6 4. Bg2 e6 5. Nf3 Be7 6. O-O O-O 7. d4 cxd4 8. Nxd4 Nxd4 9. Qxd4 d6 10. Rd1 a6 11. b3 Qc7 12. Bb2 Rd8 13. Rac1 Bd7 14. a4 Bc6 15. Nd5 Bxd5 16. cxd5 Qd7 17. dxe6 fxe6 18. Qb6 Rdb8 19. Rc7 Qd8 20. a5 Nd7 21. Rxd6 Nxb6 22. Rxd8+ Rxd8 23. Rxe7 Rd1+ 24. Bf1 Nd5 25. Rxg7+ Kf8 26. Rxh7 Re8 27. Rxb7 Kg8 28. Kg2 Rf8 29. Rb6 Kh7 30. Rxe6 Rb1 31. Ba3 Rf7 32. e4 Ne3+ 33. fxe3 Rbxf1 34. Bd6 R1f6 35. Rxf6 Rxf6 36. e5 Re6 37. Kf3 Kg7 38. Ke4 Rh6 39. Kd5 Rxh2 40. Kc6 Re2 41. b4 Rxe3 42. Kb6 Rxg3 43. Kxa6 Rh3 44. b5 1-0

[Event "Pere Noel"]
[Site "Montreal CAN"]
[Date "2009.12.28"]
[Round "3"]
[White "Gulko, Andrei"]
[Black "Poschmann, Jeremie"]
[Result "1-0"]
[WhiteElo "2109"]
[BlackElo "1813"]
[PlyCount "59"]
[GameId "2160767910029897"]
[EventDate "2009.12.26"]
[EventType "swiss"]
[EventRounds "5"]
[EventCountry "CAN"]
[SourceTitle "hb 2010.01"]

1. d4 d5 2. Bg5 h6 3. Bh4 c6 4. e3 Qb6 5. Nf3 Bf5 6. Qc1 Nd7 7. c4 e6 8. Nc3 Ngf6 9. Be2 dxc4 10. Bxc4 Bd6 11. O-O O-O 12. Rd1 Qa5 13. Be2 Bg6 14. a3 Nd5 15. b4 Nxc3 16. Qxc3 Qh5 17. Bg3 Bxg3 18. hxg3 Nf6 19. Qb2 Ng4 20. Nh4 Bf5 21. Bxg4 Qxg4 22. Nf3 f6 23. Rdc1 Bg6 24. Rc5 Rfd8 25. Nh2 Qe4 26. Nf1 Qd3 27. Rac1 Rd5 28. R5c3 Qf5 29. Nd2 e5 30. e4 1-0

[Event "Pere Noel"]
[Site "Montreal CAN"]
[Date "2009.12.28"]
[Round "3"]
[White "Jiang, Louie"]
[Black "Larochelle, Martial"]
[Result "1-0"]
[WhiteElo "2312"]
[BlackElo "2133"]
[PlyCount "39"]
[GameId "2160767910029898"]
[EventDate "2009.12.26"]
[EventType "swiss"]
[EventRounds "5"]
[EventCountry "CAN"]
[SourceTitle "hb 2010.01"]

1. e4 c5 2. Nf3 d6 3. d4 cxd4 4. Nxd4 Nf6 5. f3 e5 6. Nb3 Be6 7. c4 a5 8. Be3 a4 9. N3d2 Nbd7 10. Nc3 Qa5 11. Rb1 Be7 12. Bd3 Bd8 13. Nb5 O-O 14. Qe2 Bb6 15. O-O Bc5 16. Rfd1 Nb8 17. Nf1 Nc6 18. Qf2 Nd7 19. Be2 Qb6 20. Rxd6 1-0

[Event "Pere Noel"]
[Site "Montreal CAN"]
[Date "2009.12.28"]
[Round "3"]
[White "Masse, Hugues"]
[Black "Luo, Zhao Yang"]
[Result "1/2-1/2"]
[WhiteElo "2213"]
[BlackElo "2012"]
[PlyCount "117"]
[GameId "2160767910029899"]
[EventDate "2009.12.26"]
[EventType "swiss"]
[EventRounds "5"]
[EventCountry "CAN"]
[SourceTitle "hb 2010.01"]

1. d4 Nf6 2. c4 g6 3. Nf3 Bg7 4. g3 O-O 5. Bg2 d6 6. O-O c5 7. d5 e6 8. Nc3 exd5 9. cxd5 Re8 10. Re1 a6 11. a4 Ng4 12. Nd2 Bd4 13. e3 Bxc3 14. bxc3 Qf6 15. Re2 Qxc3 16. Rb1 Bf5 17. e4 Bc8 18. Bb2 Qa5 19. Nc4 Qd8 20. a5 Ne5 21. Nb6 Ra7 22. Nxc8 Qxc8 23. f4 Nc4 24. Bc3 Nd7 25. Bh3 Na3 26. Rc1 Nb5 27. Ba1 Qc7 28. e5 Nf8 29. Qd2 b6 30. axb6 Qxb6 31. e6 fxe6 32. Qb2 e5 33. fxe5 dxe5 34. Rxe5 c4+ 35. Qf2 Qxf2+ 36. Kxf2 Rxe5 37. Bxe5 Nd7 38. Be6+ Kf8 39. Bf4 c3 40. Ke3 Nc5 41. Bh6+ Ke8 42. Rf1 Nxe6 43. dxe6 Ke7 44. Kd3 Kxe6 45. Bf4 Rd7+ 46. Kc2 Nd4+ 47. Kxc3 Ne2+ 48. Kc2 Nxf4 49. Rxf4 Rd5 50. h4 h5 51. g4 hxg4 52. Rxg4 Kf6 53. Ra4 a5 54. Kc3 Kg7 55. Kc4 Rf5 56. Kd3 Kh6 57. Ke4 Kh5 58. Ke3 Rb5 59. Kf3 1/2-1/2

[Event "Pere Noel"]
[Site "Montreal CAN"]
[Date "2009.12.28"]
[Round "3"]
[White "Mathews, Theo"]
[Black "Cvetkovic, Simeon"]
[Result "0-1"]
[WhiteElo "1724"]
[BlackElo "1926"]
[PlyCount "80"]
[GameId "2160767910029900"]
[EventDate "2009.12.26"]
[EventType "swiss"]
[EventRounds "5"]
[EventCountry "CAN"]
[SourceTitle "hb 2010.01"]

1. e4 c5 2. Nf3 Nc6 3. d4 cxd4 4. Nxd4 g6 5. Nxc6 bxc6 6. Qd4 Nf6 7. e5 Nd5 8. e6 f6 9. exd7+ Bxd7 10. Bc4 e5 11. Qd1 Be6 12. Bb3 Bg7 13. O-O O-O 14. Nc3 Kh8 15. Nxd5 cxd5 16. Bd2 Qb6 17. Qe1 Rfc8 18. Ba5 Qc6 19. Bd2 d4 20. Bxe6 Qxe6 21. Qd1 Rab8 22. b3 Rc6 23. Rc1 Rbc8 24. Qe1 Rxc2 25. Rxc2 Rxc2 26. Qd1 Rxa2 27. Qc1 Qxb3 28. Qc8+ Qg8 29. Qc1 Qb8 30. h3 a5 31. Re1 a4 32. Qc4 Qg8 33. Qc6 h6 34. Ba5 Qb8 35. Qd7 Qb2 36. Qe8+ Kh7 37. Rf1 Ra1 38. Bd8 Rxf1+ 39. Kxf1 d3 40. Qf7 Qc1# 0-1

[Event "Pere Noel"]
[Site "Montreal CAN"]
[Date "2009.12.28"]
[Round "3"]
[White "Ramaswamy, Kiran"]
[Black "He, Shao Hang"]
[Result "1-0"]
[WhiteElo "1828"]
[BlackElo "1666"]
[PlyCount "105"]
[GameId "2160767910029902"]
[EventDate "2009.12.26"]
[EventType "swiss"]
[EventRounds "5"]
[EventCountry "CAN"]
[SourceTitle "hb 2010.01"]

1. c4 c6 2. b3 d5 3. Bb2 e6 4. Nf3 Nf6 5. d4 Nbd7 6. e3 Be7 7. Bd3 O-O 8. O-O Qc7 9. Qc2 h6 10. Nc3 b6 11. Ne5 Bb7 12. cxd5 cxd5 13. f4 Rac8 14. Rac1 a6 15. Qe2 Qd8 16. Bxa6 Bxa6 17. Qxa6 Ra8 18. Qe2 Nxe5 19. fxe5 Nd7 20. a4 Bg5 21. Nb5 f6 22. Ba3 fxe5 23. Bxf8 Nxf8 24. dxe5 Rc8 25. Rxc8 Qxc8 26. Qf2 Qe8 27. Nd6 Qe7 28. Nc8 Qe8 29. Nd6 Qe7 30. e4 dxe4 31. Qxb6 e3 32. h4 e2 33. Re1 Bxh4 34. Rxe2 Qg5 35. Qe3 Qg6 36. Qe4 Qg5 37. Qf3 Qe7 38. g3 Bg5 39. Rf2 Ng6 40. Qa8+ Qd8 41. Qxd8+ Bxd8 42. Re2 Bb6+ 43. Kg2 Bd4 44. Nc4 Kf8 45. Kf3 Ke7 46. Ke4 Bc5 47. Rd2 Ke8 48. Nd6+ Ke7 49. Nb7 Bb4 50. Rc2 Nf8 51. Rc7+ Nd7 52. a5 g5 53. a6 1-0

[Event "Pere Noel"]
[Site "Montreal CAN"]
[Date "2009.12.28"]
[Round "3"]
[White "Robichaud, Louis"]
[Black "Schommer, Philippe"]
[Result "1-0"]
[WhiteElo "2040"]
[BlackElo "1764"]
[PlyCount "185"]
[GameId "2160767910029903"]
[EventDate "2009.12.26"]
[EventType "swiss"]
[EventRounds "5"]
[EventCountry "CAN"]
[SourceTitle "hb 2010.01"]

1. e4 d6 2. d4 Nf6 3. Nc3 Nbd7 4. g3 e5 5. Nge2 h5 6. Bg5 Be7 7. Qd2 c6 8. a4 Ng4 9. Bxe7 Qxe7 10. h3 Ngf6 11. Bg2 a5 12. O-O O-O 13. Rad1 Re8 14. Rfe1 Nf8 15. d5 c5 16. Nb5 Rd8 17. c4 Ne8 18. f4 Bd7 19. Nbc3 Nc7 20. f5 Na6 21. Rf1 Nb4 22. Rf2 Nh7 23. h4 Nf6 24. Bf3 Re8 25. Rdf1 Ra6 26. Kh1 Raa8 27. Bg2 Ng4 28. Rf3 Qf6 29. Ng1 Qh6 30. Qe2 f6 31. Bh3 Rf8 32. Re1 Rf7 33. Rff1 g5 34. Nf3 gxh4 35. Nxh4 Rg7 36. Kg2 Qg5 37. Rf3 Rf8 38. b3 Rff7 39. Nb5 Bxb5 40. cxb5 b6 41. Rc3 Rc7 42. Bxg4 Qxg4 43. Ng6 Qxe2+ 44. Rxe2 Rh7 45. Kf3 Rcg7 46. Rh2 Kf7 47. Rc1 Nd3 48. Rd1 c4 49. bxc4 Nc5 50. Ra1 Kg8 51. Ra3 Rc7 52. Rc2 Kg7 53. Nh4 Kg8 54. Ng2 Rcg7 55. Ne3 Rg5 56. Rh2 Rhg7 57. Rh3 Kf7 58. Nd1 Rg4 59. Nf2 R4g5 60. Nd3 Nd7 61. Ra1 Ke7 62. Rah1 Kd8 63. Rg1 Kc7 64. Rh4 Kd8 65. g4 hxg4+ 66. Rgxg4 Rxg4 67. Rxg4 Rxg4 68. Kxg4 Ke7 69. Kh5 Kf7 70. Kh6 Nf8 71. Nf2 Nd7 72. Nd3 Nf8 73. c5 dxc5 74. Nb2 c4 75. Nxc4 Nd7 76. d6 Nc5 77. Nxb6 Nxe4 78. Nc4 Nc5 79. Nxa5 Nxa4 80. Nc4 Nc5 81. b6 e4 82. Kh7 Nb7 83. d7 Ke7 84. Kg6 Nc5 85. d8=Q+ Kxd8 86. Kxf6 e3 87. Nxe3 Nd7+ 88. Kg7 Nxb6 89. f6 Nd7 90. f7 Ke7 91. Nd5+ Ke6 92. Nf6 Nxf6 93. f8=Q 1-0

[Event "Pere Noel"]
[Site "Montreal CAN"]
[Date "2009.12.28"]
[Round "3"]
[White "Sambuev, Bator"]
[Black "Ramaswamy, Kishor"]
[Result "1-0"]
[WhiteElo "2528"]
[BlackElo "2219"]
[PlyCount "55"]
[GameId "2160767910029904"]
[EventDate "2009.12.26"]
[EventType "swiss"]
[EventRounds "5"]
[EventCountry "CAN"]
[SourceTitle "hb 2010.01"]

1. e4 c6 2. d4 d5 3. exd5 cxd5 4. c4 Nf6 5. Nc3 e6 6. Nf3 Bb4 7. Bd3 dxc4 8. Bxc4 O-O 9. O-O Nbd7 10. Bg5 Bxc3 11. bxc3 Qc7 12. Qb3 b6 13. Bh4 Bb7 14. Bg3 Qc8 15. Rfe1 Ba6 16. Nd2 Bxc4 17. Nxc4 Qc6 18. Rac1 Nh5 19. Ne5 Nxe5 20. Bxe5 f6 21. Bd6 Rfe8 22. Rxe6 Kh8 23. Rce1 Rxe6 24. Qxe6 Rd8 25. Bc7 Qxe6 26. Rxe6 Rc8 27. d5 Kg8 28. d6 1-0